| 000 | 00433cam a2200181ua 4500 | ||
|---|---|---|---|
| 020 | _c7.00 | ||
| 041 |
_aeng _h |
||
| 082 |
_a620.1 _bJEM/PO |
||
| 100 | _aJemni, R K . | ||
| 245 |
_aPolytechnic applied mechanics / _cR K Jemni. _hTextual Documents |
||
| 260 |
_a : _bSaran prakashan mandir , _c1967. |
||
| 300 | _a295 ; . | ||
| 365 | _a7.00 | ||
| 504 | _a | ||
| 700 | 1 | _aKumar, S . | |
| 942 | _cBK | ||
| 999 |
_c11055 _d11055 |
||